Normal view
MARC view
Entry Personal Name
001 - CONTROL NUMBER
- control field: 87976
003 - CONTROL NUMBER IDENTIFIER
- control field: dpl
005 - DATE AND TIME OF LATEST TRANSACTION
- control field: 20260301160740.0
008 - FIXED-LENGTH DATA ELEMENTS
- fixed length control field: 260301|| aca||aabn | a|a d
040 ## - CATALOGING SOURCE
- Original cataloging agency: dpl
- Transcribing agency: dpl
100 ## - HEADING--PERSONAL NAME
- Personal name: Mishra, Sudhanshu
670 ## - SOURCE DATA FOUND
- Source citation: Work cat.: (dpl)215068: Mishra, Sudhanshu , General Studies: Mock Test and Previous Year Papers , 2025
